| 000 | 00409cam a22001337a 4500 | ||
|---|---|---|---|
| 008 | 180718b1974 xxu||||| |||| 00| 0 eng d | ||
| 082 | _aD225 L96 | ||
| 100 | _aLuard, Evan | ||
| 245 |
_aControl of the sea-bed: a new international issue _cby Evan Luard |
||
| 260 |
_aLondon _bHeinemann _c1974 |
||
| 300 | _a309p. | ||
| 650 | _aMarine resources --Government policy | ||
| 650 | _aOcean bottom --Law and legislation | ||
| 999 |
_c347871 _d347871 |
||